|
|
|
|
| LEADER |
00000nam0a2200000 4500 |
| 001 |
29195 |
| 005 |
20231030203220.0 |
| 010 |
|
|
|a 5283002012
|
| 035 |
|
|
|a (RuTPU)RU\TPU\book\29455
|
| 035 |
|
|
|a BOOK00029530
|
| 090 |
|
|
|a 29195
|
| 100 |
|
|
|a 20011209d1992 m y0rusy50 ca
|
| 101 |
0 |
|
|a rus
|
| 102 |
|
|
|a RU
|
| 105 |
|
|
|a y j 000zy
|
| 200 |
1 |
|
|a Охрана труда в тепловом хозяйстве промышленных предприятий
|e учебник
|f А. И. Ревякин, С. Г. Новиков, Г. И. Павлова и др.
|
| 210 |
|
|
|a Москва
|c Энергоатомиздат
|d 1992
|
| 215 |
|
|
|a 224 с.
|
| 610 |
1 |
|
|a промышленные предприятия
|
| 610 |
1 |
|
|a охрана труда
|
| 610 |
1 |
|
|a тепловое хозяйство
|
| 610 |
1 |
|
|a вредные производственные факторы
|
| 610 |
1 |
|
|a действие на организм человека
|
| 610 |
1 |
|
|a учебные пособия
|
| 675 |
|
|
|a 621.1:658(075)
|v 3
|
| 701 |
|
1 |
|a Ревякин
|b А. И.
|g Александр Иванович
|
| 701 |
|
1 |
|a Новиков
|b С. Г.
|g Сергей Георгиевич
|
| 701 |
|
1 |
|a Павлова
|b Г. И.
|g Галина Ивановна
|
| 701 |
|
1 |
|a Панов
|b В. И.
|g Владимир Илларионович
|
| 701 |
|
1 |
|a Шатрова
|b Г. М.
|g Галина Михайловна
|
| 801 |
|
0 |
|a RU
|b 63413507
|c 20011209
|g PSBO
|
| 801 |
|
2 |
|a RU
|b 63413507
|c 20140715
|g PSBO
|
| 942 |
|
|
|c BK
|